000 00408nam a2200169Ia 4500
001 20636
003 GE_BSU
008 181216s||||||||xx |||||||||||||| ||und||
040 _cGE_BSU
245 _aგადასახადები #1. 2017
260 _aთბილისი
260 _c2017
300 _acd
653 _acd
653 _aგადასახადები #1. 2017
942 _cCF
999 _c53590
_d53590